000 00305nam a22001337a 4500
008 181008b xxu||||| |||| 00| 0 eng d
020 _a9781416027348
041 _aeng
080 _a616.8
100 _a7
101 _aNEU
245 _aNeuroimaging Clinics of North America
_cLev,M.H
942 _2udc
_cBK
999 _c48982
_d48982